| 000 | 00650nam a2200181Ia 4500 | ||
|---|---|---|---|
| 008 | 090124s9999 xx 000 0 und d | ||
| 082 |
_b22759 _a1672 |
||
| 100 | _aजागीरदार प्र. ज. | ||
| 245 | _a काही विचारवंत काही इतिहास | ||
| 250 | _a1 | ||
| 260 | _c1978 | ||
| 300 | _a166 | ||
| 600 | _aजागीरदार प्र. ज. | ||
| 630 | _a काही विचारवंत काही इतिहास | ||
| 700 | _aजागीरदार प्र. ज. | ||
| 730 | _a काही विचारवंत काही इतिहास | ||
| 942 | _cBOOK | ||
| 999 |
_c136383 _d136383 |
||